Biggest Scottish City/Town By Letter - Statistics

General Stats
  • This quiz has been taken 61 times
  • The average score is 13 of 21
Answer Stats
Letter City Population % Correct
A Aberdeen 196,220
100%
G Glasgow 631,690
100%
E Edinburgh 505,310
95%
D Dundee 146,480
93%
I Inverness 47,820
93%
P Paisley 76,990
72%
S Stirling 36,970
72%
F Falkirk 35,650
70%
K Kirkcaldy 50,340
65%
M Motherwell 32,720
63%
O Oban 8,140
63%
H Hamilton 54,640
56%
C Cumbernauld 50,340
53%
L Livingstone 57,360
42%
W Wishaw 30,000
42%
J Johnstone 15,910
35%
R Rutherglen 30,750
33%
B Bearsden 28,500
30%
N Newton Mearns 28,470
28%
T Troon 15,010
28%
V Viewpark 15,860
19%
No matching quizzes found
Score Distribution
Percent of People with Each Score
Percentile by Number Answered
Your Score History
You have not taken this quiz